000 00796nam a22002177a 4500
999 _c5659
_d5659
003 AR-CdUCM
008 190313b ||||| |||| 00| 0 spa d
040 _aMUNICIPALIDAD PROVINCIAL DEL CUSCO
_cBIBLIOTECA MUNICIPAL DEL CUSCO
082 _a112 /
_bR47
100 _aReyes, Alfonso
_92307
245 _aLa filosofía helenística /
260 _aMéxico D. F. :
_bFondo de Cultura Económica,
_c1959.
300 _a308 páginas ;
_c17 cm.
440 _aBreviarios del Fondo de Cultura Económica.
_n147
_916887
505 _aContenido: La helenización del mundo antiguo -- La transición -- Las sectas principales -- Atomistas -- Megarenses ...
650 _aFilosofía antigua
_95338
650 _aLa helenización
_916888
650 _aSectas
_915487
942 _2ddc
_cLIBROS
945 _aachl